| 000 | 00512cam a2200205ua 4500 | ||
|---|---|---|---|
| 001 | 5023 | ||
| 005 | 20260515113827.0 | ||
| 008 | 150128n ii |||gr||||Z||||||eng | ||
| 040 | _cMAIN | ||
| 041 | _aeng | ||
| 082 | _a782.14 | ||
| 100 |
_aWordsworth, William, _eAuthor, |
||
| 245 |
_aPreface to the lyrical ballads _cby William Wordsworth |
||
| 250 | _a16th. | ||
| 260 |
_aNew Delhi: _bUnique publishers, _c2005. |
||
| 300 |
_a200p: _c23cm. |
||
| 653 | _aMusic | ||
| 700 |
_aSen, S., _eEditor., |
||
| 942 | _cBK | ||
| 999 |
_c4203 _d4203 |
||